STATISTICS (Record no. 342967)
[ view plain ]
| 000 -LEADER | |
|---|---|
| fixed length control field | 00481 a2200193 4500 |
| 003 - CONTROL NUMBER IDENTIFIER | |
| control field | OSt |
| 005 - DATE AND TIME OF LATEST TRANSACTION | |
| control field | 20180116182626.0 |
| 008 - FIXED-LENGTH DATA ELEMENTS--GENERAL INFORMATION | |
| fixed length control field | 160526b xxu||||| |||| 00| 0 eng d |
| 020 ## - INTERNATIONAL STANDARD BOOK NUMBER | |
| International Standard Book Number | 0 |
| 040 ## - CATALOGING SOURCE | |
| Transcribing agency | 0 |
| 082 ## - DEWEY DECIMAL CLASSIFICATION NUMBER | |
| Classification number | 519.5 BER 2006 |
| 100 ## - MAIN ENTRY--PERSONAL NAME | |
| Personal name | DR.M. AFZAL BAG |
| 110 ## - MAIN ENTRY--CORPORATE NAME | |
| Corporate name or jurisdiction name as entry element | MIRAJ DIN MIRZA |
| 245 ## - TITLE STATEMENT | |
| Title | STATISTICS |
| Remainder of title | THEIORY AND METHODS |
| Statement of responsibility, etc. | DR.M. AFZAL BAG |
| 250 ## - EDITION STATEMENT | |
| Edition statement | VOL 1 |
| 260 ## - PUBLICATION, DISTRIBUTION, ETC. | |
| Place of publication, distribution, etc. | CARVAN BOOK LAHORE |
| Date of publication, distribution, etc. | 2006 |
| 300 ## - PHYSICAL DESCRIPTION | |
| Extent | 381 p. |
| Other physical details | PB |
| 942 ## - ADDED ENTRY ELEMENTS (KOHA) | |
| Institution code [OBSOLETE] | NBS |
| Koha item type | Book |
| Call number prefix | 519.5 BEG |
| Source of classification or shelving scheme | |
| Withdrawn status | Lost status | Damaged status | Not for loan | Permanent Location | Current Location | Date acquired | Total Checkouts | Full call number | Barcode | Date last seen | Date last checked out | Price effective from | Koha item type | Total Renewals |
|---|---|---|---|---|---|---|---|---|---|---|---|---|---|---|
| Central Library (CL) | Central Library (CL) | 08/28/2013 | 3 | 519.5 BEG | NBSD-41 | 06/24/2021 | 03/19/2019 | 08/28/2013 | Book | |||||
| Central Library (CL) | Central Library (CL) | 08/28/2013 | 10 | 519.5 BEG | NBSD-47 | 10/29/2025 | 03/17/2023 | 08/28/2013 | Book | 1 | ||||
| Central Library (CL) | Central Library (CL) | 08/28/2013 | 6 | 519.5 BEG | NBSD-49 | 04/06/2026 | 04/29/2022 | 08/28/2013 | Book | |||||
| Central Library (CL) | Central Library (CL) | 08/28/2013 | 1 | 519.5 BEG | NBSD-57 | 03/05/2026 | 11/27/2018 | 08/28/2013 | Book | |||||
| Central Library (CL) | Central Library (CL) | 08/28/2013 | 1 | 519.5 BEG | NBSD-46 | 03/31/2017 | 10/01/2013 | 08/28/2013 | Book | |||||
| Central Library (CL) | Central Library (CL) | 08/28/2013 | 519.5 BEG | NBSD-58-B | 08/28/2013 | 08/28/2013 | Book |
